النشرة السنوية لإحصاءات النقل العام للركاب داخل وخارج المدن 2017/2016/
يعتبر النقل عصب الحياة المعاصرة لخدمة الحركة الداخلية والخارجية في مختلف أوجه الحياه الإقتصادية والاجتماعية. لذا يصدر الجهاز المركزي للتعبئة العامة والإحصاء هذه النشرة السنوية لإحصاء النقل وتتضمن بيانات عن هيئات وشركات ومرافق النقل العام والجمعيات التعاونية وعدد الوحدات المملوكة لهذه الجهات وعدد ال...
| 主要作者: | |
|---|---|
| 格式: | 序列 |
| 语言: | 阿拉伯语 |
| 出版: |
القاهرة :
الجهاز المركزى للتعبئة العامة والإحصاء.
2018
|
| 主题: | |
| 标签: |
添加标签
没有标签, 成为第一个标记此记录!
|
MARC
| LEADER | 00000nas a2200000 a 4500 | ||
|---|---|---|---|
| 003 | INP | ||
| 005 | 20201001132317.0 | ||
| 008 | 110706cuuuuuuuuua ar s o0 f0ara d | ||
| 952 | |0 0 |1 0 |4 0 |6 385_220000000000000_ن_ش_20162017 |7 0 |9 19709 |a INP |b INP |c JOUR |d 2019-07-18 |l 0 |o 385.22 ن ش 2016-2017 |p 020724 |r 2022-03-28 00:00:00 |w 2019-07-18 |y PUB | ||
| 999 | |c 16204 |d 16204 | ||
| 040 | |a EG-INP |c EG-INP |b ara | ||
| 082 | 0 | 4 | |a 385.22 |b ن ش 2016-2017 |2 21 |
| 100 | |a الجهاز المركزي للتعبئة العامة والإحصاء | ||
| 245 | 0 | 2 | |a النشرة السنوية لإحصاءات النقل العام للركاب داخل وخارج المدن 2017/2016/ |c الجهاز المركزي للتعبئة العامة والإحصاء |
| 260 | |a القاهرة : |b الجهاز المركزى للتعبئة العامة والإحصاء. |c 2018 | ||
| 300 | |a مج. : |b ايض. ؛ |c 29 سم | ||
| 500 | |a مرجع رقم 71 - 21311- 2017. | ||
| 500 | |a إصدار فبراير 2018. | ||
| 500 | |a بني الوصف على 2016 / 2017. | ||
| 520 | |a يعتبر النقل عصب الحياة المعاصرة لخدمة الحركة الداخلية والخارجية في مختلف أوجه الحياه الإقتصادية والاجتماعية. لذا يصدر الجهاز المركزي للتعبئة العامة والإحصاء هذه النشرة السنوية لإحصاء النقل وتتضمن بيانات عن هيئات وشركات ومرافق النقل العام والجمعيات التعاونية وعدد الوحدات المملوكة لهذه الجهات وعدد الأجور والعاملين والأجور ... . | ||
| 650 | 7 | |2 qrmak |a النقل | |
| 650 | 7 | |2 qrmak |a نقل الركاب | |
| 650 | 7 | |2 qrmak |a النقل العام | |
| 650 | 7 | |2 qrmak |a النقل الداخلي |v دوريات. | |
| 653 | 0 | |a إحصائيات النقل | |
| 653 | 0 | |a النقل بين المدن | |
| 710 | 2 | |a الجهاز المركزي للتعبئة العامة والإحصاء. | |
| 901 | |a inp35 | ||
| 902 | |a egpv34 | ||
| 903 | |a original | ||
| 942 | |c PUB |2 ddc | ||